000 00218 a2200097 4500
001 14294
100 _aBeales, A.C.F
245 _aTeaching of history in school
260 _a
_bUniv of london
_c
090 _c11204
_d11204
942 _aNUST-CAE
_cM
_c1342
999 _c249367
_d249367